Philosophy : a text with readings
| Main Author: | |
|---|---|
| Published: |
USA:
Cengage Learning Inc.,
c2025.
|
| Edition: | 14th ed. |
| Subjects: |
| LEADER | 00531cam a2200169 7i4500 | ||
|---|---|---|---|
| 001 | 0000017230 | ||
| 005 | 20260619090000.0 | ||
| 020 | |a 9780357947326 | ||
| 090 | 0 | 0 | |a 100/VEL |
| 100 | 1 | |a Velasquez, Manuel | |
| 245 | 0 | 0 | |a Philosophy : |b a text with readings |c by Manuel Velasquez. |
| 250 | |a 14th ed. | ||
| 260 | |a USA: |b Cengage Learning Inc., |c c2025. | ||
| 300 | |a xix, 796 pages: |b ill. (colour); |c 26cm. | ||
| 500 | |a Includes bibliographical references & index | ||
| 650 | 0 | |a Philosophy -- |x Introduction | |
| 999 | |a 1000027426 |b Book |c Red Spot | ||


